Countries Closest to Japan by first two letters - Statistics

General Stats
  • This quiz has been taken 1,145 times
  • The average score is 15 of 20
Answer Stats
km country % Correct
331 China
97%
50 South Korea
96%
43 Russia
95%
420 North Korea
94%
2578 India
93%
2192 Indonesia
93%
107 Taiwan
84%
1558 Vietnam
80%
1864 Laos
79%
1943 Cambodia
78%
568 Philippines
77%
2041 Thailand
76%
1984 Malaysia
75%
1640 Mongolia
67%
2251 Myanmar
64%
2195 United States
63%
2128 Palau
62%
3073 Bangladesh
52%
2309 Brunei
51%
2136 Micronesia
49%
No matching quizzes found
Score Distribution
Percent of People with Each Score
Percentile by Number Answered
Your Score History
You have not taken this quiz